000
00447nam a22001337a 4500
020
_a
9788126905911
082
_a
330.156
100
_a
Keynes,John Maynard
245
_a
The General Theory of Employment,Interest and Money
260
_a
New Delhi
_b
Atlantic publishers
_c
2010.
300
_a
351
942
_c
BK
999
_c
2511
_d
2511